000 00802nam a22002297a 4500
999 _c17064
_d17064
003 AR-CdUCM
008 190507b ||||| |||| 00| 0 spa d
040 _aMUNICIPALIDAD PROVINCIAL DEL CUSCO
_cBIBLIOTECA MUNICIPAL DEL CUSCO
082 _25ed.
_a320.1 /
_bC71
100 _aCole, G. D. H.
_96485
245 _aLa organización política :
_bDoctrinas y formas /
260 _aMéxico :
_bFondo de cultura económica,
_c1961.
300 _a94 páginas ;
_c18 cm.
440 _aColección popular
_n7
_936887
505 _aContenido : El estado-ciudad de los griegos -- La antigua Roma -- La edad media ...
650 _aHistoria
_9136
650 _aSociales
_928612
650 _aPolítica
_9291
700 _aReyes, Alfonso (Traducción)
_936888
942 _2ddc
_cLIBROS
945 _arah
_d07/05/2019